Central Library OPAC University of Rajshahi

Introduction to the social services / (Record no. 48580)

MARC details
000 -LEADER
fixed length control field 00785nam a2200265 a 4500
001 - CONTROL NUMBER
control field 48580
003 - CONTROL NUMBER IDENTIFIER
rucl marc code BD-RjUL
005 - DATE AND TIME OF LATEST TRANSACTION
control field 20211209054541.0
008 - FIXED-LENGTH DATA ELEMENTS--GENERAL INFORMATION
fixed length control field 160814r19731976enk b 001 0 eng
020 ## - INTERNATIONAL STANDARD BOOK NUMBER
International Standard Book Number 0333177169 :
Terms of availability £1.95
035 ## - SYSTEM CONTROL NUMBER
System control number (BD-RjUL)48699
040 ## - CATALOGING SOURCE
Original cataloging agency DLC
Transcribing agency DLC
Modifying agency DLC
-- BD-RjUL
Language of cataloging eng
041 ## - LANGUAGE CODE
Language code of text/sound track or separate title eng
082 00 - DEWEY DECIMAL CLASSIFICATION NUMBER
Classification number 361.941
Edition number 23
Author mark and year BAI 1976
100 10 - MAIN ENTRY--PERSONAL NAME
Personal name Baugh, W. E.
Fuller form of name (William Ellis)
9 (RLIN) 146773
245 10 - TITLE STATEMENT
Title Introduction to the social services /
Statement of responsibility, etc. W. E. Baugh.
250 ## - EDITION STATEMENT
Edition statement 2nd ed.
260 ## - PUBLICATION, DISTRIBUTION, ETC. (IMPRINT)
Place of publication, distribution, etc. London :
Name of publisher, distributor, etc. Macmillan,
Date of publication, distribution, etc. c1973 [reprinted 1976]
300 ## - PHYSICAL DESCRIPTION
Pagination 180 p. ;
Size 22 cm.
500 ## - GENERAL NOTE
General note Includes index.
650 #0 - SUBJECT ADDED ENTRY--TOPICAL TERM
Topical term or geographic name as entry element Social service
Geographic subdivision Great Britain.
9 (RLIN) 146774
Topical term or geographic name as entry element Social security
Geographic subdivision Great Britain.
9 (RLIN) 146775
942 ## - ADDED ENTRY ELEMENTS (KOHA)
Source of classification or shelving scheme Dewey Decimal Classification
Koha item type Books
Holdings
Lost status Source of classification or shelving scheme Damaged status Not for loan Collection code Permanent Location Current Location Shelving location Date acquired Source of acquisition Cost, normal purchase price Total Checkouts Full call number Date last seen Copy number Koha item type
  Dewey Decimal Classification     Non-fiction Central Library, University of Rajshahi Central Library, University of Rajshahi   30/10/1978 Helfers, London 2.40   361.941 BAI 1976 14/08/2016 C-2 Books
  Dewey Decimal Classification     Non-fiction Central Library, University of Rajshahi Central Library, University of Rajshahi   30/10/1978 Helfers, London 2.40   361.941 BAI 1976 14/08/2016 C-3 Books